Vista normal
Vista MARC
Entrada Materia (personas)
Número de registros utilizados en: 4
001 - CONTROL NUMBER
- control field: 49372
003 - CONTROL NUMBER IDENTIFIER
- control field: Co-BoUCM
005 - DATE AND TIME OF LATEST TRANSACTION
- control field: 20131030101701.0
008 - FIXED-LENGTH DATA ELEMENTS
- fixed length control field: 131030|| aca||aabn | a|a d
040 ## - CATALOGING SOURCE
- Original cataloging agency: Co-BoUCM
- Transcribing agency: Co-BoUCM
100 ## - HEADING--PERSONAL NAME
- Personal name: Bou Franch, Valentín
670 ## - SOURCE DATA FOUND
- Source citation: Work cat.: (Co-BoUCM)183002: Bou Franch, Valentín, Curso de derecho internacional de los derechos humanos, 2008